000 nam a22 4500
999 _c9248
_d9248
008 180426b ||||| |||| 00| 0 eng d
245 _aMagnitude-6.7 quake hits northeast India; 8 dead.
260 _aPhilippines
_bThe Philippine Star
_cc2016
300 _apage 13.
650 0 _927569
_aNatural disaster.
942 _2ddc
_cPER